IES lighting handbook; the standard lighting guide
محفوظ في:
| مؤلف مشترك: | |
|---|---|
| مؤلفون آخرون: | , |
| التنسيق: | كتاب |
| اللغة: | English |
| منشور في: |
New York,
1972.
|
| الوسوم: |
إضافة وسم
لا توجد وسوم, كن أول من يضع وسما على هذه التسجيلة!
|
MARC
| LEADER | 00000nam a2200000Ia 4500 | ||
|---|---|---|---|
| 003 | 002086 | ||
| 005 | 20221231143951.0 | ||
| 008 | 140114s1972 nyua 000 ||eng d | ||
| 040 | |c cru CEDI | ||
| 082 | |a 621.322 IL29i | ||
| 110 | |9 21233 |a Illuminating Engineering Society. | ||
| 245 | |a IES lighting handbook; the standard lighting guide | ||
| 260 | |a New York, |c 1972. | ||
| 300 | |a 1 v. (varias páginas) ilustraciones. 30 cm. | ||
| 700 | |9 21234 |a Kaufman, John E., 1927- |d Editor | ||
| 700 | |9 21237 |a Christensen, Jack F., |d Editor | ||
| 942 | |2 ddc |c BK | ||
| 999 | |c 14930 |d 14930 | ||
